Statistics for Geography of Ukraine

Click here to take the quiz!

General Stats

  • This quiz has been taken 365 times
  • The average score is 14 of 20

Answer Stats

QuestionAnswer% Correct
What is the capital city of Ukraine?Kiev
100%
What major sea does Ukraine border?Black Sea
93%
What peninsula was annexed by Russia in 2014?Crimea
93%
What is the name of the 1986 nuclear accident?Chernobyl
88%
What is the longest river of Ukraine?Dnieper
87%
What is the birth country of the greatest number of foreign-born Ukrainian residents?Russia
85%
What is the most populous Ukrainian city that lies by that sea?Odessa
84%
With which two countries does Ukraine share its shortest land border?Slovakia
78%
With which two countries does Ukraine share its shortest land border?Hungary
77%
Which city in that peninsula was home to one of the WWII conferences?Yalta
76%
What mountain range is located between Ukraine and those two country?Carpathians
72%
What is the name of the second most populous city of Ukraine?Kharkiv
71%
What is the most populous city in western Ukraine?Lviv
71%
What term is used to refer to the Ukrainian provinces?Oblast
71%
Which sea, part of the above, is located between Ukraine and Russia?Sea of {Azov}
68%
What is the most populous city of the above?Sevastopol
66%
What province starting with D is the most populated one in Ukraine?Donetsk
61%
On what river delta is that city located?Dniester
35%
On what river does the city of Mykolaiv lie?Southern {Bug}
18%
What is the most outstanding architectural cathedral of that city?Saint Sophia's
13%

Score Distribution

Percentile by Number Answered

Percent of People with Each Score

Your Score History

You have not taken this quiz